| 000 | 006100000a22001810004500 | ||
|---|---|---|---|
| 003 | MACL | ||
| 005 | 20160601154310.0 | ||
| 008 | 160601b xxu||||| |||| 00| 0 eng d | ||
| 040 |
_aMACL _cMACL |
||
| 041 | _aHindi | ||
| 082 | _a910 BHE | ||
| 100 |
_aभीष्मपाल, एच _961313 |
||
| 245 |
_aपर्यटकों का आकर्षण राजस्थान _cएच. भीष्मपाल |
||
| 260 |
_bलाइफ लाइन बुक्स _c2004 _aनई दिल्ली |
||
| 350 | _a200 | ||
| 650 |
_aGeography & Travel _961413 |
||
| 942 |
_cHIN _k910 _2ddc |
||
| 999 |
_c9083 _d9083 |
||